000 00431nab a2200145Ia 4500
003 ES-SlBCS
005 20210601130450.0
008 140529s1965 xxu||||| |||| 00| 0 fre d
041 _afre
100 1 _aSaint-Robert, Philippe de
_9173297
245 0 0 _aLe songe de Créon
_c Philippe de Saint-Robert
600 1 4 _aCréon
_9173318
773 0 _tGiornali di Metafisica
_gvol. 20, nº. 3, 1965, págs. 263-267
_w0017-0372
942 _cAR
999 _c547143
_d547143